[Event "Groningen op 59th"]
[Site "Groningen"]
[Date "2023.12.30"]
[Round "9"]
[White "Kanyamarala, Trisha"]
[Black "Krasenkow, Michal"]
[Result "0-1"]
[WhiteElo "2184"]
[BlackElo "2532"]
[PlyCount "120"]
[EventDate "2023.12.21"]
[EventType "swiss"]
[EventRounds "9"]
[EventCountry "NED"]
[SourceTitle "CB04_2024"]
[SourceDate "2023.10.16"]
[SourceVersion "1"]
[SourceVersionDate "2023.10.16"]
[SourceQuality "1"]

1. d4 d6 2. e4 g6 3. Nf3 Bg7 4. Be3 Nf6 5. Nc3 Bg4 6. h3 Bxf3 7. Qxf3 Nc6 8. Bb5 0-0 9. Bxc6 bxc6 10. 0-0 Nd7 11. Qe2 Qb8 12. Rab1 a5 13. f4 Qb7 14. Qd2 f5 15. Rfe1 Rae8 16. Bf2 Bh6 17. Bg3 fxe4 18. Nxe4 e5 19. dxe5 Rxe5 20. Ng5 Rd5 21. Qe2 Bxg5 22. fxg5 Rxg5 23. Qe7 Nf6 24. Rf1 Qb6+ 25. Kh1 Qd4 26. Qe6+ Kg7 27. Rbd1 Qxb2 28. Rb1 Qd4 29. Rbd1 Qe4 30. Rxf6 Qxe6 31. Rxe6 Rxg3 32. Re7+ Rf7 33. Rde1 Ra3 34. Re8 Rxa2 35. R1e2 Rb2 36. Ra8 Rb5 37. Kh2 Rc5 38. Kg3 g5 39. Ra7 h5 40. Ra8 h4+ 41. Kh2 Kf6 42. Ra6 Re7 43. Rd2 Ke6 44. Ra8 Rf5 45. Rd8 Kf7 46. Rc8 Rf1 47. c4 a4 48. c5 d5 49. Ra2 d4 50. Rd8 Re4 51. Rd7+ Ke6 52. Rd8 Ke7 53. Rc8 Kd7 54. Rg8 Ree1 55. g4 d3 56. Rg7+ Ke6 57. Kg2 Rg1+ 58. Kh2 Re2+ 59. Kxg1 Rxa2 60. Kf1 Ra1+ 0-1

[Event "FIDE Grand Swiss"]
[Site "Douglas"]
[Date "2023.10.25"]
[Round "1"]
[White "Krasenkow, Michal"]
[Black "Anton Guijarro, David"]
[Result "0-1"]
[WhiteElo "2531"]
[BlackElo "2653"]
[PlyCount "112"]
[EventDate "2023.10.25"]
[EventType "swiss"]
[EventRounds "11"]
[EventCountry "IOM"]
[SourceTitle "Mega2024 Update 01"]
[Source "Chessbase"]
[SourceDate "2023.11.12"]
[SourceVersion "1"]
[SourceVersionDate "2023.11.12"]
[SourceQuality "1"]

1. Nf3 e6 2. c4 d5 3. d4 Nf6 4. g3 Bb4+ 5. Bd2 Be7 6. Bg2 0-0 7. 0-0 Nbd7 8. Qb3 c6 9. Bg5 a5 10. Nbd2 h6 11. Bxf6 Nxf6 12. Ne5 Qc7 13. Rac1 Rd8 14. Rfd1 Bd7 15. e4 a4 16. Qe3 Be8 17. f4 Bb4 18. a3 Bxd2 19. Rxd2 Nxe4 20. Bxe4 dxe4 21. c5 f5 22. Rc4 b6 23. cxb6 Qxb6 24. Qc3 Ra6 25. Rb4 Qa7 26. Rc2 Rd5 27. Kg2 Kh7 28. Qc4 Qa8 29. Kf2 Ra7 30. Qe2 Rb7 31. Rxb7 Qxb7 32. Qc4 Qa7 33. Ke3 g5 34. Qb4 gxf4+ 35. gxf4 Qg7 36. Qe1 Rb5 37. Kd2 Rd5 38. Ke3 Qb7 39. Qb4 Qxb4 40. axb4 Rb5 41. Rc4 Kg7 42. Kd2 Rb6 43. Ke3 Kf6 44. Kf2 Ke7 45. Ke3 Kd6 46. Kf2 Rb5 47. Ke3 Kc7 48. Kf2 Kb7 49. Ke3 Ka6 50. Kd2 Rb7 51. Kc3 Rg7 52. Rc5 Rg1 53. Nc4 Ka7 54. Ra5+ Kb8 55. Ne3 Rc1+ 56. Kd2 Rh1 0-1

[Event "POL-chT 1st League"]
[Site "Leba"]
[Date "2023.09.26"]
[Round "4.5"]
[White "Bus, Konrad"]
[Black "Krasenkow, Michal"]
[Result "0-1"]
[WhiteElo "2264"]
[BlackElo "2531"]
[PlyCount "76"]
[EventDate "2023.09.23"]
[EventType "team-swiss"]
[EventRounds "9"]
[EventCountry "POL"]
[SourceTitle "EXT 2024"]
[Source "ChessBase"]
[SourceDate "2023.10.10"]
[SourceVersion "1"]
[SourceVersionDate "2023.10.10"]
[SourceQuality "1"]
[WhiteTeam "Wieliczka MKS MOS"]
[BlackTeam "Gorzow Wielkopolski Stilon"]
[WhiteTeamCountry "POL"]
[BlackTeamCountry "POL"]

1. c4 e5 2. g3 g6 3. Bg2 Bg7 4. Nc3 d6 5. Nf3 Nc6 6. d3 f5 7. Rb1 Nf6 8. Bg5 h6 9. Bxf6 Qxf6 10. 0-0 0-0 11. b4 a6 12. a4 g5 13. Nd5 Qf7 14. b5 axb5 15. axb5 Nd8 16. Qc2 Ne6 17. e3 Nc5 18. Nd2 f4 19. exf4 gxf4 20. gxf4 Bf5 21. Ne4 Bxe4 22. Bxe4 Nxe4 23. dxe4 exf4 24. Kh1 Kh8 25. f3 Be5 26. Rg1 Ra3 27. Qf2 Qh5 28. Rg4 Qh3 29. Rh4 Qxf3+ 30. Qxf3 Rxf3 31. Rxh6+ Kg7 32. Re6 Rh3 33. Rg1+ Kh7 34. Re7+ Kh8 35. Kg2 Rh6 36. Rxc7 f3+ 37. Kf1 Bd4 38. Rh1 Ra8 0-1

[Event "Warsaw Szansa rapid op"]
[Site "Warsaw"]
[Date "2023.09.17"]
[Round "6"]
[White "Gumularz, Szymon"]
[Black "Krasenkow, Michal"]
[Result "1-0"]
[WhiteElo "2587"]
[BlackElo "2531"]
[PlyCount "61"]
[EventDate "2023.09.17"]
[EventType "swiss (rapid)"]
[EventRounds "9"]
[EventCountry "POL"]
[SourceTitle "EXT 2024"]
[Source "ChessBase"]
[SourceDate "2023.10.10"]
[SourceVersion "1"]
[SourceVersionDate "2023.10.10"]
[SourceQuality "1"]

1. c4 e5 2. d3 g6 3. Nc3 Bg7 4. g3 Nf6 5. Bg2 0-0 6. e4 d6 7. Nge2 Nbd7 8. 0-0 a5 9. h3 Nc5 10. Be3 c6 11. Qc2 Ne8 12. d4 exd4 13. Nxd4 Nc7 14. Rad1 Qe7 15. Rfe1 N7e6 16. Nde2 a4 17. Kh2 Qc7 18. f4 f5 19. exf5 gxf5 20. Qd2 Qa5 21. Qxd6 a3 22. b3 Bxc3 23. Nxc3 Qxc3 24. Bxc5 Nxc5 25. Qxc5 Qb2 26. Re7 Qf6 27. Rc7 Re8 28. Rd6 Qb2 29. Rd4 Ra5 30. Qd6 Be6 31. Qxe6+ 1-0

[Event "Warsaw Szansa rapid op"]
[Site "Warsaw"]
[Date "2023.09.17"]
[Round "3"]
[White "Klepek, Witold"]
[Black "Krasenkow, Michal"]
[Result "0-1"]
[WhiteElo "2299"]
[BlackElo "2531"]
[PlyCount "74"]
[EventDate "2023.09.17"]
[EventType "swiss (rapid)"]
[EventRounds "9"]
[EventCountry "POL"]
[SourceTitle "EXT 2024"]
[Source "ChessBase"]
[SourceDate "2023.10.10"]
[SourceVersion "1"]
[SourceVersionDate "2023.10.10"]
[SourceQuality "1"]

1. e4 d6 2. d4 Nf6 3. Nc3 c6 4. f4 Qa5 5. Bd2 Qb6 6. Nf3 Qxb2 7. Bd3 Qb6 8. Rb1 Qc7 9. e5 Nd5 10. Ne4 b5 11. Qe2 e6 12. f5 dxe5 13. dxe5 Be7 14. 0-0 Na6 15. Bg5 Nc5 16. f6 gxf6 17. Nxf6+ Bxf6 18. Bxf6 Nxf6 19. exf6 Bb7 20. Qe3 Qb6 21. Kh1 0-0-0 22. Ne5 Nxd3 23. Qxb6 axb6 24. cxd3 Rd5 25. Nxf7 Rf8 26. Nh6 Rxd3 27. Rbe1 c5 28. Rf2 Kd7 29. f7 c4 30. Rb2 c3 31. Rb3 Bd5 32. Rbb1 Rd2 33. Ng4 c2 34. Rbc1 Bxg2+ 35. Kg1 Bd5 36. Ne5+ Kd6 37. a3 Rd1 0-1

[Event "Warsaw Szansa rapid op"]
[Site "Warsaw"]
[Date "2023.09.17"]
[Round "4"]
[White "Krasenkow, Michal"]
[Black "Kopczynski, Michal"]
[Result "1-0"]
[WhiteElo "2531"]
[BlackElo "2225"]
[PlyCount "63"]
[EventDate "2023.09.17"]
[EventType "swiss (rapid)"]
[EventRounds "9"]
[EventCountry "POL"]
[SourceTitle "EXT 2024"]
[Source "ChessBase"]
[SourceDate "2023.10.10"]
[SourceVersion "1"]
[SourceVersionDate "2023.10.10"]
[SourceQuality "1"]

1. d4 Nf6 2. c4 g6 3. Nc3 Bg7 4. e4 d6 5. Nf3 0-0 6. h3 Na6 7. Bg5 c5 8. d5 Nc7 9. Bd3 a6 10. a4 Rb8 11. 0-0 Bd7 12. e5 dxe5 13. Nxe5 b5 14. axb5 axb5 15. Qe2 bxc4 16. Bxc4 h6 17. Bf4 Nfe8 18. Nxg6 fxg6 19. d6+ e6 20. dxc7 Nxc7 21. Bd6 Rf5 22. Bd3 Rg5 23. h4 Rh5 24. g3 Rb6 25. Bxg6 Rxh4 26. Bxc7 Qxc7 27. Ra8+ Rb8 28. Rxb8+ Qxb8 29. gxh4 Qf4 30. Qe4 Qc7 31. Ra1 Bd4 32. Qg4 1-0

[Event "Katowice POL-HUN 10th"]
[Site "Katowice"]
[Date "2023.09.09"]
[Round "3"]
[White "Golenia, Wojciech"]
[Black "Krasenkow, Michal"]
[Result "0-1"]
[WhiteElo "2198"]
[BlackElo "2531"]
[PlyCount "100"]
[EventDate "2023.09.09"]
[EventType "swiss (rapid)"]
[EventRounds "9"]
[EventCountry "POL"]
[SourceTitle "EXT 2024"]
[Source "ChessBase"]
[SourceDate "2023.10.10"]
[SourceVersion "1"]
[SourceVersionDate "2023.10.10"]
[SourceQuality "1"]

1. c4 e5 2. g3 c6 3. Nf3 e4 4. Nd4 d5 5. cxd5 Qxd5 6. e3 Nf6 7. Bg2 Bc5 8. Nc3 Qe5 9. f4 Qe7 10. Nde2 Bf5 11. 0-0 h5 12. b3 h4 13. gxh4 Rxh4 14. Ng3 g6 15. Qc2 Nbd7 16. Ncxe4 Nxe4 17. Bxe4 Bh3 18. Rf2 0-0-0 19. d4 Bb6 20. a4 f5 21. Ba3 Qf6 22. Bh1 Re8 23. a5 Bxa5 24. Bc5 Rxe3 25. Rxa5 Re1+ 26. Nf1 Rxf1+ 27. Rxf1 Rg4+ 28. Kf2 Qh4+ 29. Ke3 Bxf1 30. Qf2 Qxf2+ 31. Kxf2 Nxc5 32. dxc5 Rxf4+ 33. Ke3 Rh4 34. Rxa7 Rxh2 35. Bf3 g5 36. Ra8+ Kc7 37. Bd1 f4+ 38. Ke4 Be2 39. Bxe2 Rxe2+ 40. Kf5 Rg2 41. Rg8 f3 42. Ke4 f2 43. Rf8 g4 44. b4 g3 45. b5 cxb5 46. Kd5 Rg1 47. Rf7+ Kb8 48. c6 bxc6+ 49. Kxc6 f1Q 50. Rb7+ Ka8 0-1

[Event "Vlissingen op 25th"]
[Site "Vlissingen"]
[Date "2023.08.12"]
[Round "9"]
[White "Krasenkow, Michal"]
[Black "Eidelman, Gabriel"]
[Result "1-0"]
[WhiteElo "2534"]
[BlackElo "2296"]
[PlyCount "93"]
[EventDate "2023.08.05"]
[EventType "swiss"]
[EventRounds "9"]
[EventCountry "NED"]
[SourceTitle "CBM 215 Extra"]
[Source "ChessBase"]
[SourceDate "2023.09.30"]
[SourceVersion "1"]
[SourceVersionDate "2023.09.30"]
[SourceQuality "1"]

1. d4 Nf6 2. c4 e6 3. Nf3 d5 4. Nc3 dxc4 5. e3 a6 6. Bxc4 b5 7. Bb3 Bb7 8. 0-0 c5 9. Qe2 Nbd7 10. Rd1 Qc7 11. Bd2 Be7 12. Rac1 Qb6 13. Be1 0-0 14. Ne5 Rad8 15. f4 Nb8 16. Bf2 Nc6 17. dxc5 Bxc5 18. Nd3 Be7 19. Bc2 b4 20. Na4 Qb5 21. Bh4 Ne4 22. Bxe7 Nxe7 23. Qe1 Rc8 24. Nxb4 a5 25. Nd3 Rxc2 26. Rxc2 Qxa4 27. Rc7 Nd5 28. Rxb7 Nxe3 29. Rc1 Ng4 30. Nb4 Nef2 31. h3 axb4 32. hxg4 Nd3 33. Qd1 Qa6 34. Rcc7 Qd6 35. Rd7 Qc5+ 36. Kh2 Nxf4 37. Qd6 Qxd6 38. Rxd6 Nd5 39. Rbd7 Nf6 40. Rd8 Nxg4+ 41. Kg1 Ne3 42. a4 bxa3 43. bxa3 Nc4 44. Rd3 g5 45. a4 h5 46. Rxf8+ Kxf8 47. Rc3 1-0

[Event "Bastia op"]
[Site "Bastia"]
[Date "2023.07.09"]
[Round "4"]
[White "Guillemart, Serge"]
[Black "Krasenkow, Michal"]
[Result "0-1"]
[WhiteElo "2195"]
[BlackElo "2524"]
[PlyCount "128"]
[EventDate "2023.07.09"]
[EventType "swiss"]
[EventRounds "9"]
[EventCountry "FRA"]
[SourceTitle "CBM 215 Extra"]
[Source "ChessBase"]
[SourceDate "2023.09.30"]
[SourceVersion "1"]
[SourceVersionDate "2023.09.30"]
[SourceQuality "1"]

1. e4 g6 2. d4 Bg7 3. g3 d5 4. e5 c5 5. c3 Nc6 6. Bg2 Nh6 7. Ne2 Bg4 8. h3 Bxe2 9. Qxe2 cxd4 10. e6 0-0 11. 0-0 Qd6 12. exf7+ Rxf7 13. Qb5 e6 14. Bf4 Qd7 15. c4 a6 16. Qa4 b5 17. cxb5 Ne7 18. Na3 e5 19. Bxh6 Bxh6 20. Qa5 e4 21. b4 Bd2 22. bxa6 Nc6 23. Qb6 Bxb4 24. Rac1 Bc3 25. Nb1 Rb8 26. Qc5 Nb4 27. Nxc3 dxc3 28. Qd4 Qa7 29. Qxc3 Nxa2 30. Qc6 Nxc1 31. Rxc1 Qxf2+ 32. Kh2 Rb2 33. Rg1 Qd4 34. Qe8+ Kg7 35. a7 Rxa7 36. Rf1 Rf2 37. Rxf2 Qxf2 38. Qe5+ Kh6 39. Qxd5 e3 40. h4 e2 41. Qg5+ Kg7 42. Qe5+ Kf8 43. Qh8+ Kf7 44. Qxh7+ Kf6 45. Qh8+ Rg7 46. Qf8+ Rf7 47. Qh8+ Ke6 48. Qe8+ Kd6 49. Qb8+ Kc5 50. Qe5+ Kc4 51. Qd5+ Kc3 52. Qe5+ Kd3 53. Qe4+ Kc3 54. Qe5+ Kb4 55. Qe4+ Kb5 56. Qe5+ Ka6 57. Qe6+ Ka7 58. Qa2+ Kb8 59. Qb3+ Kc8 60. Qe6+ Rd7 61. Qe8+ Kc7 62. Qe5+ Kd8 63. Qb8+ Ke7 64. Qe5+ Kf7 0-1

[Event "Bastia op"]
[Site "Bastia"]
[Date "2023.07.09"]
[Round "3"]
[White "Krasenkow, Michal"]
[Black "Horton, Jamie A"]
[Result "1/2-1/2"]
[WhiteElo "2524"]
[BlackElo "2177"]
[PlyCount "112"]
[EventDate "2023.07.09"]
[EventType "swiss"]
[EventRounds "9"]
[EventCountry "FRA"]
[SourceTitle "CBM 215 Extra"]
[Source "ChessBase"]
[SourceDate "2023.09.30"]
[SourceVersion "1"]
[SourceVersionDate "2023.09.30"]
[SourceQuality "1"]

1. d4 d5 2. c4 e6 3. Nc3 a6 4. e4 dxe4 5. Nxe4 Bb4+ 6. Nc3 c5 7. a3 Ba5 8. Be3 Nf6 9. Nf3 0-0 10. Qc2 cxd4 11. Bxd4 Nc6 12. Bc5 Bxc3+ 13. Qxc3 Ne4 14. Qe3 Nxc5 15. Qxc5 e5 16. Rd1 Qf6 17. Rd6 Qf4 18. Qe3 Qxe3+ 19. fxe3 h6 20. Be2 Be6 21. Kf2 Rfd8 22. Rhd1 Rxd6 23. Rxd6 Kf8 24. b4 Ke7 25. c5 Rc8 26. Nd2 a5 27. Nc4 axb4 28. axb4 Bxc4 29. Bxc4 Rc7 30. Kf3 Nxb4 31. Bb5 Rxc5 32. Rd7+ Kf6 33. Rxb7 Nd5 34. Bd3 Nc7 35. h4 h5 36. Rb6+ Ne6 37. Bb1 Rc4 38. g3 Ra4 39. Bc2 Ra7 40. Bb3 Rc7 41. Bxe6 fxe6 42. Rb8 Rc4 43. Rf8+ Ke7 44. Rg8 Kf7 45. Ra8 Rb4 46. Rc8 Ra4 47. Rb8 Kf6 48. Rf8+ Ke7 49. Rb8 Kf7 50. Rc8 Rb4 51. Ra8 Rc4 52. Rb8 Ra4 53. Rc8 Rb4 54. Ra8 Rc4 55. Rb8 Ra4 56. Rc8 Rb4 1/2-1/2

[Event "Purtichju op"]
[Site "Purtichju"]
[Date "2023.07.07"]
[Round "9"]
[White "Krasenkow, Michal"]
[Black "Lamaze, Simon"]
[Result "1/2-1/2"]
[WhiteElo "2524"]
[BlackElo "2388"]
[PlyCount "150"]
[EventDate "2023.07.01"]
[EventType "swiss"]
[EventRounds "9"]
[EventCountry "FRA"]
[SourceTitle "CBM 215 Extra"]
[Source "ChessBase"]
[SourceDate "2023.09.30"]
[SourceVersion "1"]
[SourceVersionDate "2023.09.30"]
[SourceQuality "1"]

1. Nf3 Nf6 2. d4 g6 3. c4 Bg7 4. Nc3 d6 5. e4 0-0 6. h3 e5 7. d5 a5 8. Be2 Na6 9. Bg5 Qe8 10. g4 Nd7 11. Qd2 Ndc5 12. Rg1 Kh8 13. 0-0-0 Bd7 14. h4 Nb4 15. Kb1 f5 16. gxf5 gxf5 17. Bh6 Bxh6 18. Qxh6 Qe7 19. h5 Rf7 20. Qe3 fxe4 21. Ng5 Rf4 22. a3 Nba6 23. Rg3 Bf5 24. Rdg1 Rf8 25. Ka2 Ra8 26. Kb1 Qf6 27. Kc1 Rf8 28. Kd1 a4 29. R3g2 Nd3 30. Bxd3 exd3 31. Nce4 Qe7 32. f3 b6 33. Qxd3 Nc5 34. Qe3 Bxe4 35. fxe4 Qf6 36. h6 Rf1+ 37. Ke2 Rxg1 38. Rxg1 Qg6 39. Ne6 Qh5+ 40. Ke1 Rf6 41. Nxc5 bxc5 42. Rg3 Qxh6 43. Qxh6 Rxh6 44. Kd2 Rh4 45. Re3 Rg4 46. b3 axb3 47. Kc3 h5 48. Kxb3 h4 49. Re1 Rg3+ 50. Kb2 h3 51. a4 Kh7 52. a5 Kh6 53. Rf1 h2 54. Rh1 Rg2+ 55. Kb3 Kg5 56. a6 Kf4 57. a7 Rg8 58. Rxh2 Ra8 59. Rh4+ Ke3 60. Ka4 Rxa7+ 61. Kb5 Kd4 62. Rg4 Ra1 63. Kc6 Kxc4 64. Kxc7 Ra6 65. Rg6 Kd4 66. Rxd6 Rxd6 67. Kxd6 c4 68. Ke6 c3 69. d6 c2 70. d7 c1Q 71. d8Q+ Kxe4 72. Qd5+ Kf4 73. Qxe5+ Kf3 74. Qf5+ Qf4 75. Qxf4+ Kxf4 1/2-1/2

[Event "Purtichju op"]
[Site "Purtichju"]
[Date "2023.07.03"]
[Round "4"]
[White "Carnicelli, Valerio"]
[Black "Krasenkow, Michal"]
[Result "0-1"]
[WhiteElo "2344"]
[BlackElo "2524"]
[PlyCount "86"]
[EventDate "2023.07.01"]
[EventType "swiss"]
[EventRounds "9"]
[EventCountry "FRA"]
[SourceTitle "CBM 215 Extra"]
[Source "ChessBase"]
[SourceDate "2023.09.30"]
[SourceVersion "1"]
[SourceVersionDate "2023.09.30"]
[SourceQuality "1"]

1. e4 g6 2. d4 Bg7 3. Nc3 c6 4. h3 d6 5. a4 Nf6 6. Nf3 0-0 7. Bd3 a5 8. 0-0 Na6 9. Re1 Nb4 10. Bf1 e5 11. Bg5 exd4 12. Nxd4 h6 13. Bh4 Qb6 14. Nf3 Rd8 15. Qd2 g5 16. Bg3 d5 17. Rad1 Bxh3 18. gxh3 dxe4 19. Nd4 Nh5 20. Rxe4 Nxg3 21. fxg3 f5 22. Bc4+ Kh8 23. Re6 Qxd4+ 24. Qxd4 Bxd4+ 25. Kf1 Nxc2 26. Ke2 Bg7 27. Re7 Nd4+ 28. Kf2 Rab8 29. Rde1 b5 30. axb5 cxb5 31. Ba2 b4 32. Na4 b3 33. Bb1 Nc2 34. R1e2 Rb4 35. Nc3 a4 36. Rc7 a3 37. Ree7 Bd4+ 38. Kf1 axb2 39. Nd5 Rb5 40. Rh7+ Kg8 41. Ne7+ Kxh7 42. Nc6+ Kg8 43. Nxd8 Ra5 0-1

[Event "Guenzburg Kortschnoi Memorial"]
[Site "Guenzburg"]
[Date "2023.06.10"]
[Round "5"]
[White "Krasenkow, Michal"]
[Black "Heinemann, Josefine"]
[Result "1/2-1/2"]
[WhiteElo "2520"]
[BlackElo "2276"]
[PlyCount "76"]
[EventDate "2023.06.06"]
[EventType "tourn"]
[EventRounds "9"]
[EventCountry "GER"]
[EventCategory "8"]
[SourceTitle "CBM 214 Extra"]
[Source "ChessBase"]
[SourceDate "2023.07.31"]
[SourceVersion "1"]
[SourceVersionDate "2023.07.31"]
[SourceQuality "1"]

1. d4 Nf6 2. c4 e6 3. Nf3 d5 4. Nc3 c5 5. cxd5 cxd4 6. Qxd4 exd5 7. e4 dxe4 8. Qxd8+ Kxd8 9. Ng5 Be6 10. Nxe6+ fxe6 11. Bg5 Nc6 12. Bc4 Ke7 13. Nxe4 Kf7 14. Bxf6 gxf6 15. 0-0-0 Be7 16. Nd6+ Bxd6 17. Rxd6 Rhe8 18. Re1 Nd8 19. Kb1 Rc8 20. Bb5 Nc6 21. Bxc6 Rxc6 22. Rxc6 bxc6 23. Rc1 Rc8 24. Rc5 Rc7 25. Kc2 Ke7 26. b4 Kd6 27. Kd3 Rg7 28. g3 f5 29. Ra5 h5 30. Kc4 Rg4+ 31. f4 h4 32. Ra6 hxg3 33. hxg3 e5 34. b5 exf4 35. Rxc6+ Kd7 36. gxf4 Rxf4+ 37. Kb3 Re4 38. a4 Re6 1/2-1/2

[Event "Guenzburg Kortschnoi Memorial"]
[Site "Guenzburg"]
[Date "2023.06.06"]
[Round "1"]
[White "Krasenkow, Michal"]
[Black "Fecker, Noah"]
[Result "1-0"]
[WhiteElo "2520"]
[BlackElo "2391"]
[PlyCount "65"]
[EventDate "2023.06.06"]
[EventType "tourn"]
[EventRounds "9"]
[EventCountry "GER"]
[EventCategory "8"]
[SourceTitle "CBM 214 Extra"]
[Source "ChessBase"]
[SourceDate "2023.07.31"]
[SourceVersion "1"]
[SourceVersionDate "2023.07.31"]
[SourceQuality "1"]

1. Nf3 d5 2. d4 e6 3. c4 c6 4. Nbd2 f5 5. g3 Nd7 6. Bg2 Nh6 7. 0-0 Nf7 8. Qc2 g5 9. cxd5 cxd5 10. Nb3 Bd6 11. Bd2 0-0 12. Rac1 Qe7 13. Na5 Qf6 14. Rfd1 Nb6 15. a3 Rb8 16. Bb4 Bxb4 17. axb4 Bd7 18. Qd2 Bb5 19. Rc7 Nc4 20. Nxc4 Bxc4 21. Ne5 Nxe5 22. dxe5 Qd8 23. Rc5 Qe7 24. Rc1 b6 25. Rc6 Rbc8 26. Rd6 Rfd8 27. e4 fxe4 28. Bxe4 Kh8 29. Bb1 Rxd6 30. exd6 Qxd6 31. b3 Ba6 32. Rxc8+ Bxc8 33. Qc3+ 1-0

[Event "Kuressaare Saaremaa Rapid 4th"]
[Site "Kuressaare"]
[Date "2023.06.04"]
[Round "10"]
[White "Kuzubov, Yuriy"]
[Black "Krasenkow, Michal"]
[Result "1-0"]
[WhiteElo "2624"]
[BlackElo "2520"]
[PlyCount "57"]
[EventDate "2023.06.03"]
[EventType "swiss (rapid)"]
[EventRounds "11"]
[EventCountry "EST"]
[SourceTitle "CBM 214 Extra"]
[Source "ChessBase"]
[SourceDate "2023.07.31"]
[SourceVersion "1"]
[SourceVersionDate "2023.07.31"]
[SourceQuality "1"]

1. d4 Nf6 2. Nf3 g6 3. Nbd2 d5 4. e3 Bg7 5. b4 0-0 6. Bb2 Bf5 7. Be2 Nbd7 8. 0-0 Ne4 9. c4 c6 10. Rc1 Nxd2 11. Qxd2 dxc4 12. Bxc4 e5 13. d5 Be4 14. dxc6 Bxc6 15. Bd5 Bb5 16. Rfd1 Qb8 17. Bb3 e4 18. Ng5 Ne5 19. Bxe5 Bxe5 20. Nxf7 Bxh2+ 21. Kh1 Bd3 22. Qc3 Rxf7 23. Qf6 Be5 24. Qxf7+ Kh8 25. Rc5 b6 26. Rd5 Bg7 27. Rc1 Qf8 28. Qxf8+ Rxf8 29. Kg1 1-0

[Event "Indore op 1st"]
[Site "Indore"]
[Date "2023.04.04"]
[Round "6"]
[White "Krasenkow, Michal"]
[Black "Majumdar, Chandrasish"]
[Result "1-0"]
[WhiteElo "2527"]
[BlackElo "2106"]
[PlyCount "55"]
[EventDate "2023.04.01"]
[EventType "swiss"]
[EventRounds "10"]
[EventCountry "IND"]
[SourceTitle "CBM 213 Extra"]
[Source "ChessBase"]
[SourceDate "2023.05.31"]
[SourceVersion "1"]
[SourceVersionDate "2023.05.31"]
[SourceQuality "1"]

1. d4 Nf6 2. c4 g6 3. Nc3 d5 4. e3 Bg7 5. cxd5 Nxd5 6. Nxd5 Qxd5 7. Ne2 0-0 8. Nc3 Qd8 9. Be2 e5 10. d5 c6 11. e4 cxd5 12. exd5 b6 13. 0-0 Bb7 14. Qb3 Qe7 15. Rd1 Rd8 16. Nb5 Na6 17. d6 Qd7 18. Bg5 Rdc8 19. Nc7 Nxc7 20. dxc7 Qxc7 21. Rac1 Bc6 22. Bg4 h6 23. Bxc8 Rxc8 24. Be3 Qb7 25. f3 Re8 26. Rd6 Bxf3 27. gxf3 Qxf3 28. Rxg6 1-0